000 00362nam a22001577a 4500
003 MACL
005 20151126120554.0
008 151126b xxu||||| |||| 00| 0 eng d
040 _cMACL
041 _aEnglish
082 _a891/DUB
100 _aDube,Shalini
_918306
245 _aIndian Diasporic Literature
650 _aLiterature
_918307
942 _2ddc
_cBK
999 _c51176
_d51176